[Event "11th Master Open"]
[Site "Voronezh RUS"]
[Date "2007.06.19"]
[Round "7"]
[White "Elfert,A"]
[Black "Shishkin,Alex"]
[Result "1-0"]
[WhiteElo "2058"]
[BlackElo "2069"]

1.Nf3 d5 2.g3 Nf6 3.Bg2 c5 4.d3 g6 5.Nbd2 Bg7 6.c3 Nc6 7.O-O O-O 8.Re1 e5
9.e4 Rb8 10.a4 b6 11.Qc2 Re8 12.h3 Ba6 13.Bf1 Qd7 14.Kh2 Rbd8 15.a5 dxe4
16.dxe4 Bxf1 17.Nxf1 Nxa5 18.Bg5 Qd3 19.Ne3 Nc6 20.Qa4 b5 21.Qa6 Qxe4 22.Bxf6 Bxf6
23.Ng4  1-0

[Event "ch-COL w"]
[Site "Cartagena de Indias COL"]
[Date "2007.06.20"]
[Round "13"]
[White "Franco,B"]
[Black "Franco,Ang"]
[Result "1-0"]
[WhiteElo "2108"]
[BlackElo "2124"]

1.Nf3 d5 2.g3 Nc6 3.d4 g6 4.Bg2 Bg7 5.c3 Nf6 6.Nbd2 h6 7.e3 Be6 8.Qe2 O-O
9.O-O Kh7 10.Ne5 Qc8 11.Nxc6 bxc6 12.e4 dxe4 13.Nxe4 Bd5 14.f3 Qe6 15.Re1 Bxa2
16.Qf2 Nxe4 17.Rxe4 Qb3 18.Rxe7 Rfe8 19.Rxe8 Rxe8 20.Be3 Rb8 21.Qd2 a5 22.f4 Qe6
23.b4  1-0

[Event "ch-NED w"]
[Site "Hilversum NED"]
[Date "2007.06.24"]
[Round "6"]
[White "Van Weersel,A"]
[Black "Middelveld,M"]
[Result "1-0"]
[WhiteElo "2156"]
[BlackElo "2019"]

1.Nf3 d5 2.g3 c5 3.Bg2 Nc6 4.d3 g6 5.O-O Bg7 6.Nbd2 e6 7.e4 Nge7 8.Re1 O-O
9.c3 Rb8 10.Qc2 b5 11.Nb3 Qb6 12.e5 Na5 13.Nxa5 Qxa5 14.Bd2 Qc7 15.h4 Nc6
16.Bf4 Ba6 17.Qd2 Rfe8 18.h5 b4 19.Nh2 bxc3 20.bxc3 Bxe5 21.Rxe5 Nxe5 22.Ng4  1-0

[Event "White Nights"]
[Site "St Petersburg RUS"]
[Date "2007.06.25"]
[Round "1"]
[White "Zacurdajev,D"]
[Black "Tokareva,T"]
[Result "1-0"]
[WhiteElo "2266"]
[BlackElo "1997"]

1.Nf3 d5 2.g3 c5 3.Bg2 Nc6 4.O-O e5 5.c4 Nf6 6.cxd5 Nxd5 7.d3 Be7 8.Nc3 Be6
9.h4 f6 10.Ne4 Qd7 11.Bd2 Rc8 12.Rc1 b6 13.a3 O-O 14.h5 Nd4 15.h6 g6 16.Nh4 f5
17.Ng5 f4 18.Nxe6 Qxe6 19.Nf3 g5 20.Nxd4 exd4 21.Qb3 Rcd8 22.Be4 Nc7 23.Qxe6+ Nxe6
24.Kg2 Rf6 25.Rh1 Bf8 26.b4 Bxh6 27.Rh5 Kg7 28.g4 Rd6 29.Bf5 Nf8 30.bxc5 Rc6
31.cxb6 axb6 32.Rhh1 Kh8 33.Be4 Rce6 34.Rc7 Bg7 35.Bb4 h6 36.Rhc1 Ng6 37.Rc8+ Kh7
38.R1c7 f3+ 39.exf3 Rxe4 40.fxe4 Nf4+ 41.Kg1 Nh3+ 42.Kg2 Nxf2 43.Bf8 Nxd3
44.Bxg7 Rf2+ 45.Kg1 Kg6 46.Bxd4 Rf7 47.Rg8+  1-0

[Event "White Nights"]
[Site "St Petersburg RUS"]
[Date "2007.06.26"]
[Round "2"]
[White "Zakharov,Y"]
[Black "Timofeev,An"]
[Result "1/2-1/2"]
[WhiteElo "2078"]
[BlackElo "2251"]

1.Nf3 d5 2.g3 c6 3.Bg2 Nf6 4.O-O Bg4 5.Ne5 Bh5 6.d4 e6 7.b3 Nbd7 8.Bb2 Nxe5
9.dxe5 Nd7 10.Nd2 Qc7 11.f4 Qb6+ 12.Kh1 Qa6 13.Bf3 Bxf3+ 14.Rxf3 g6 15.e4 h5
16.Qf1 Qa5 17.Qe2 Bb4 18.c3 Be7 19.a4 Qc7 20.Rc1 a5 21.exd5 cxd5 22.c4 Qc6
23.cxd5 Qxd5 24.Nc4 O-O 25.Qd3 Qxd3 26.Rxd3 Nc5 27.Rf3 Rfd8 28.Ba3 Bf8 29.Kg1 Ra6
30.Kf1 Rd5 31.Ke2 Rd8 32.Rc2 Rb8 33.Bxc5 Bxc5 34.Rd3 Bb4 35.Nd6 Rc6 36.Rxc6 bxc6
37.Nc4 Rb7 38.Kd1 Kg7 39.h4 Ra7 40.Ke2 Be7 41.Kf3 Kf8 42.Ke4 Ke8 43.Nd6+ Bxd6
44.Rxd6 Rb7 45.Rd3 Rb4+ 46.Ke3 c5 47.Rc3 c4 48.bxc4 Rxa4 49.Kd4 Kd7 50.Kc5 Kc7
51.Kb5 Ra1 52.c5 a4 53.c6 a3 54.Kb4 a2 55.Kb3 Rb1+ 56.Kxa2 Rb6 57.Rd3 Kxc6
58.Rd6+ Kc5 59.Rd7 Kc4 60.Rxf7 Kd3 61.Rd7+ Kc2 62.Rd6 Rb2+ 63.Ka3 Rb3+ 64.Ka4 Rxg3
65.Rxe6 Kd3 66.Rf6 Ke4 67.e6 Kd5 68.e7 Re3 69.f5 gxf5 70.Rxf5+ Kd6 71.Rxh5 Kxe7
72.Kb5 Kf6 73.Kc6 Kg6  1/2-1/2

[Event "Narciso Yepes Mem"]
[Site "Lorca ESP"]
[Date "2007.06.28"]
[Round "7"]
[White "Strikovic,A"]
[Black "Alonso Garcia,R"]
[Result "1/2-1/2"]
[WhiteElo "2563"]
[BlackElo "2368"]

1.Nf3 d5 2.g3 g6 3.c4 c6 4.cxd5 cxd5 5.d4 Nf6 6.Bg2 Bg7 7.O-O Nc6 8.Nc3 Ne4
9.e3 Nxc3 10.bxc3 O-O 11.Nd2 Be6 12.Nb3 b6 13.a4 Qd7 14.Re1 Rfd8 15.a5 Qc7
16.Bd2 h5 17.Qe2 Rab8 18.axb6 axb6 19.Qb5 Na7 20.Qa6 Nc8 21.Reb1 Nd6 22.Be1 Nc4
23.Nd2 Bf5 24.Rb4 Bd3 25.e4 Nxd2 26.Qxd3 Nxe4 27.Bxe4 dxe4 28.Qxe4 e5 29.Bd2 exd4
30.cxd4 Qd6 31.Rab1 Qd5 32.Qxd5 Rxd5 33.Rxb6  1/2-1/2

[Event "Asian Youth GU18"]
[Site "Tashkent UZB"]
[Date "2007.06.29"]
[Round "2"]
[White "Umarova,S"]
[Black "Nodirjanova,N"]
[Result "0-1"]
[WhiteElo "1908"]
[BlackElo "2094"]

1.Nf3 d5 2.g3 Bg4 3.Bg2 Nd7 4.d3 Ngf6 5.Nbd2 e5 6.O-O Be7 7.e4 dxe4 8.dxe4 c6
9.Nc4 Qc7 10.Ne3 Bxf3 11.Qxf3 g6 12.b3 Nc5 13.Qe2 O-O 14.Bb2 b5 15.f4 Bd6
16.f5 Ncxe4 17.Bxe4 Nxe4 18.Ng4 Nc5 19.Qe3 Nd7 20.Qh6 Rfe8 21.Rad1 Rad8 22.Qh4 Be7
23.f6 Bc5+ 24.Kg2 Kh8 25.Nh6 Rf8 26.Rf5 Be3 27.Bxe5 Qb7 28.Bf4 c5+ 29.Kh3 Bd4
30.Bd6 gxf5 31.Rxd4 Ne5 32.Bxf8 Rxf8 33.Qg5 Ng6 34.Rh4 Qf3 35.Qxf5 Qxf5+
36.Nxf5 Nxh4 37.Kxh4 Rd8 38.Nh6 Rd2 39.Nxf7+ Kg8 40.Ne5 Rxh2+ 41.Kg5 Rxc2
42.a3 c4 43.bxc4 bxc4 44.f7+ Kg7 45.Kf4 Rd2 46.Ke3 c3 47.Nf3 Rd7 48.Ne1 Re7+
49.Kf2 Kxf7 50.Nc2 Kg6 51.Ne3 Kg5 52.g4 Rxe3  0-1

[Event "Asian Youth BU16"]
[Site "Tashkent UZB"]
[Date "2007.06.29"]
[Round "2"]
[White "Mustafaev,K"]
[Black "Khamroev,R"]
[Result "1-0"]
[WhiteElo "2284"]
[BlackElo "2076"]

1.Nf3 d5 2.g3 e6 3.Bg2 Bd6 4.c4 c6 5.O-O Nf6 6.d4 O-O 7.Nc3 Nbd7 8.Qc2 dxc4
9.a4 e5 10.Bg5 exd4 11.Nxd4 Qa5 12.Nf5 Be5 13.Bd2 Qb6 14.a5 Qa6 15.Na4 Nd5
16.e4 N5f6 17.f4 Bc7 18.Ne3 Bxa5 19.e5 Nd5 20.Nxd5 cxd5 21.Bxd5 Bxd2 22.Qxd2 Qb5
23.Qd4 a6 24.Bxc4 Qc6 25.Rac1 Qh6 26.Bd5 Rb8 27.Rfe1 b5 28.e6 bxa4 29.e7 Re8
30.Bxf7+ Kxf7 31.Qc4+ Kg6 32.f5+ Kg5 33.h4+  1-0

[Event "Tespo Engineering"]
[Site "Brno CZE"]
[Date "2007.06.30"]
[Round "2"]
[White "Popchev,M"]
[Black "Ivanov,MM"]
[Result "1/2-1/2"]
[WhiteElo "2456"]
[BlackElo "2450"]

1.Nf3 d5 2.g3 c6 3.b3 Bg4 4.Bb2 Nd7 5.Bg2 Ngf6 6.O-O e6 7.c4 Bd6 8.d4 O-O
9.Nbd2 h6 10.Re1 Bf5 11.Nh4 Bh7  1/2-1/2

[Event "DS"]
[Site "Brno CZE"]
[Date "2007.06.30"]
[Round "2"]
[White "Kozak,Mi"]
[Black "Roubalik,J"]
[Result "1/2-1/2"]
[WhiteElo "2228"]
[BlackElo "2122"]

1.Nf3 d5 2.g3 Nf6 3.Bg2 Bf5 4.c4 c6 5.cxd5 cxd5 6.Qb3 Qc8 7.Nc3 e6 8.d3 Nc6
9.Bf4 Be7 10.Ne5 O-O 11.e4 dxe4 12.dxe4 Bxe4 13.Nxe4 Nd4 14.Qc4 Nc2+ 15.Ke2 Nxa1
16.Rxa1 Nd5 17.Bd2 Qxc4+ 18.Nxc4 Rac8 19.Rc1 Rfd8 20.Ne5 Rxc1 21.Bxc1 Rc8
22.Nd3 Nb4 23.Nc3 b6 24.Nxb4 Bxb4 25.Bd2 Kf8 26.a3 Be7 27.Kd3 Bf6 28.Be3 Bxc3
29.bxc3 f6 30.h4 Ke7 31.c4 Kd6 32.Kc3 Ke7 33.Kb4 Kd6 34.Kb5 g6 35.a4 Kc7
36.Bh3 f5 37.a5 bxa5 38.Bxa7 Kd7 39.Bf1 a4 40.c5 a3 41.Bc4 Ra8 42.c6+ Kc7
43.Bb6+ Kd6 44.Ba2 e5 45.c7 h6 46.Bf7 Kd7 47.Ba2 Kd6 48.Kb4 Kc6 49.Ba5 Kd7
50.Bf7 g5 51.h5 f4 52.Ba2 e4 53.Bb6 Kc6 54.Bd4 fxg3 55.fxg3 Kxc7 56.Kc4 Kd6
57.Bg7 Rc8+ 58.Kd4 Rc2 59.Bg8 a2 60.Kxe4 Rh2 61.g4 Rf2 62.Bxa2 Rxa2 63.Bxh6 Ra5
64.Bg7 Ke6 65.Bd4 Kf7 66.Be5 Ke6 67.Bd4 Kf7  1/2-1/2

[Event "White Nights"]
[Site "St Petersburg RUS"]
[Date "2007.06.30"]
[Round "6"]
[White "Zakharov,Y"]
[Black "Romanov,Va"]
[Result "1/2-1/2"]
[WhiteElo "2078"]
[BlackElo "2006"]

1.Nf3 d5 2.g3 Nf6 3.Bg2 c6 4.d4 Bg4 5.Nbd2 Nbd7 6.b3 e6 7.Bb2 Bd6 8.c4 O-O
9.O-O Re8 10.Re1 a5 11.a3 e5 12.dxe5 Nxe5 13.cxd5 Nxd5 14.Nxe5 Bxe5 15.Bxe5 Rxe5
16.Nc4 Rh5 17.Qd4 Nf6 18.Qf4 Be6 19.Rad1 Qe7 20.Qc1 Bxc4 21.bxc4 Rc5 22.Qf4 Re8
23.Rb1 Re5 24.Bf3 Ne4 25.Bxe4 Rxe4 26.Qc1 h6 27.e3 Qc5 28.Rxb7 Rxc4 29.Qd2 Qxa3
30.Qd7 Rf8 31.Kg2 Rc2 32.Qf5 Rc5 33.Qf4 Qa2 34.Qf3  1/2-1/2

[Event "White Nights"]
[Site "St Petersburg RUS"]
[Date "2007.06.30"]
[Round "6"]
[White "Utkin,V"]
[Black "Mukhin,G"]
[Result "1/2-1/2"]
[WhiteElo "2040"]
[BlackElo "2325"]

1.Nf3 d5 2.g3 g6 3.Bg2 Bg7 4.d4 Nf6 5.O-O O-O 6.b3 c5 7.Bb2 Ne4 8.c4 dxc4
9.bxc4 Nc6 10.e3 Bg4 11.Nbd2 Nxd2 12.Qxd2 Bxf3 13.Bxf3 cxd4 14.exd4 Bxd4
15.Bxd4 Nxd4  1/2-1/2

[Event "ch-SWE Master Elite"]
[Site "Stockholm SWE"]
[Date "2007.06.30"]
[Round "1"]
[White "Couso,L"]
[Black "Wademark,H"]
[Result "1/2-1/2"]
[WhiteElo "2282"]
[BlackElo "2154"]

1.Nf3 d5 2.g3 c6 3.Bg2 Nf6 4.O-O Bf5 5.c4 e6 6.cxd5 exd5 7.d3 Be7 8.Qb3 Qb6
9.Qxb6 axb6 10.Nc3 Nbd7 11.e4 dxe4 12.Nd4 Bg6 13.dxe4 O-O 14.Rd1 b5 15.f3 Rfd8
16.Be3 Nc5 17.b3 Ne8 18.Nce2 f6 19.Rd2 Nc7 20.Rad1 N5e6 21.Nxe6 Nxe6 22.Rxd8+ Rxd8
23.Rxd8+ Bxd8 24.Bh3 Bf7 25.Kf2  1/2-1/2

[Event "Asian Youth BU16"]
[Site "Tashkent UZB"]
[Date "2007.06.30"]
[Round "3"]
[White "Nitin,S"]
[Black "Darini,P"]
[Result "1-0"]
[WhiteElo "2273"]
[BlackElo "2183"]

1.Nf3 d5 2.g3 Nf6 3.Bg2 c5 4.d3 Nc6 5.O-O g6 6.Nbd2 Bg7 7.e4 dxe4 8.dxe4 O-O
9.c3 Qd3 10.Ne1 Qa6 11.h3 Rd8 12.f4 Bxh3 13.Bxh3 Nxe4 14.Rf3 e5 15.Bf1 c4
16.Qc2 Qb6+ 17.Kh2 Nxd2 18.Bxd2 e4 19.Re3 Ne7 20.Rxe4 Nf5 21.Nf3 Nd6 22.Ree1 Qa5
23.Be3 Rac8 24.Bd4 f6 25.Kg1 Qh5 26.Qg2 b6 27.Nd2  1-0

[Event "REDA"]
[Site "Brno CZE"]
[Date "2007.07.01"]
[Round "3"]
[White "Hagesaether,E"]
[Black "Zavadil,M"]
[Result "1-0"]
[WhiteElo "2207"]
[BlackElo "2138"]

1.Nf3 d5 2.g3 c5 3.d3 Nc6 4.Bg2 e5 5.O-O Nf6 6.e4 d4 7.Nbd2 h6 8.h3 Be6 9.Ne1 g5
10.Nc4 Rg8 11.Kh2 b5 12.Na3 Rb8 13.f4 Bd6 14.f5 Bc8 15.Bf3 Ba6 16.c4 dxc3
17.bxc3 Qa5 18.Nac2 b4 19.cxb4 cxb4 20.Bd2 Qb5 21.Rb1 Ke7 22.Nxb4 Nxb4 23.a3 Qb6
24.Bxb4 Bxb4 25.axb4 Rgc8 26.Qd2 Qd4 27.Rb3 Rd8 28.Nc2 Qb6 29.Rfb1 Bb5 30.Na3 Rd4
31.Nc2 Rd7 32.d4 Ba4 33.Rd3 Rc8 34.Ne1 Bb5 35.dxe5 Bxd3 36.exf6+ Qxf6 37.Nxd3 Qd4
38.f6+ Kd8 39.Rb3 Qc4 40.Ra3 Rd4 41.e5 Ke8 42.e6 fxe6 43.Qe3 Rcd8 44.Nf2 Rd2
45.Qxa7 R8d7 46.Qe3 Kf7 47.Bh5+ Kxf6 48.Qb6 Qd5 49.Rf3+ Kg7 50.Kg2 Rb2 51.Qc5 Qxc5
52.bxc5 Rc2 53.c6 Rxc6 54.Be8  1-0

[Event "Open A"]
[Site "Klatovy CZE"]
[Date "2007.07.01"]
[Round "2"]
[White "Kubecka,D"]
[Black "Boleslav,P"]
[Result "1-0"]
[WhiteElo "2264"]
[BlackElo "2103"]

1.Nf3 d5 2.g3 g6 3.Bg2 Bg7 4.O-O e5 5.d3 Ne7 6.e4 O-O 7.Nbd2 c6 8.Qe2 Nd7
9.b3 d4 10.a4 b5 11.Ne1 g5 12.Ndf3 h6 13.h4 g4 14.Nh2 h5 15.f3 f5 16.exf5 Nxf5
17.fxg4 Nxg3 18.Rxf8+ Nxf8 19.Qf2 e4 20.Qxg3 e3 21.axb5 Ng6 22.gxh5 Nxh4
23.Bxc6 Nf5 24.Qg2 Qc7 25.Bb2 Qf4 26.Nhf3 Rb8 27.Rxa7 Ng3 28.Rxg7+  1-0

[Event "ch-SWE"]
[Site "Stockholm SWE"]
[Date "2007.07.01"]
[Round "2"]
[White "Karlsson,L"]
[Black "Berg,E"]
[Result "0-1"]
[WhiteElo "2469"]
[BlackElo "2574"]

1.g3 d5 2.Nf3 c5 3.Bg2 Nc6 4.d4 e6 5.O-O Nf6 6.c4 dxc4 7.Qa4 Bd7 8.Qxc4 cxd4
9.Nxd4 Rc8 10.Nc3 Na5 11.Qd3 Qb6 12.Bg5 Be7 13.Rfd1 O-O 14.Nf5 exf5 15.Bxf6 Bxf6
16.Qxd7 Bxc3 17.bxc3 g6 18.Rab1 Qc5 19.Qb5 Qxc3 20.Bxb7 Rb8 21.Rd7 Qc2 22.Qb2 Rfc8
23.e3 Qxb2 24.Rxb2 Rc1+ 25.Kg2 Nc4 26.Rb5 Nb6 27.Rxb6 axb6 28.Bd5 Rf8 29.Rd6 b5
30.Rb6 Rc5 31.Bc6 Rc2 32.Bd5 Rc5 33.Bc6 Rd8 34.Bxb5 Rd2 35.Ba4 Rxa2 36.Bb3 Ra7
37.Kf3 Kg7 38.h4 Rcc7 39.Bd5 Ra5 40.Bb3 Ra1 41.Kf4 Rb1 42.Rb5 Rc3 43.Ba4 Ra1
44.Bb3 Rb1 45.Ba4 Ra1 46.Bb3 Ra3 47.Bd5 Rc2 48.Kf3 Rd3 49.Bb3 Rcc3 50.Ba2 Rd2
51.Bb3 Rc1 52.Kg2 Re1 53.Bc4 Rxe3 54.Rb7 Kh6 55.Bxf7 Ree2 56.Kf3 Rxf2+ 57.Ke3 Rde2+
58.Kd3 Rb2 59.Ra7 Rf3+ 60.Kd4 Rxg3  0-1

[Event "Tespo Engineering"]
[Site "Brno CZE"]
[Date "2007.07.02"]
[Round "4"]
[White "Ivanov,MM"]
[Black "Rogule,L"]
[Result "1-0"]
[WhiteElo "2450"]
[BlackElo "2339"]

1.Nf3 d5 2.g3 c6 3.Bg2 Bg4 4.O-O Nf6 5.d4 e6 6.Nbd2 Nbd7 7.Re1 Be7 8.c3 O-O
9.e4 dxe4 10.Nxe4 Nxe4 11.Rxe4 Nf6 12.Re1 Qc7 13.Qb3 Bxf3 14.Bxf3 Rad8 15.Bf4 Bd6
16.Bg5 Be7 17.Rad1 Rd7 18.c4 Rfd8 19.Be3 b6 20.Qa4 c5 21.d5 exd5 22.Bf4 Bd6
23.Bg5 Be5 24.cxd5 h6 25.Bxf6 Bxf6 26.b3 Re7 27.h4 Bd4 28.Kg2 Kf8 29.h5 Rde8
30.Rh1 Qd7 31.Qc4 Re5 32.a4 Rf5 33.Qd3 Ree5 34.Rd2 Qd6 35.Rh4 Qf6 36.Re2 Rxe2
37.Qxe2 Qe7 38.Qd3 Qd7 39.Qe4 Re5 40.Qh7 Re1 41.Rf4 Be5 42.Rg4 Ke7 43.Qd3 Bd4
44.Rxd4 cxd4 45.Qxd4 f6 46.Qb4+  1-0

[Event "XXV Andorra Open"]
[Site "Andorra la Vella AND"]
[Date "2007.07.03"]
[Round "4"]
[White "Movsziszian,K"]
[Black "Avila Jimenez,J"]
[Result "0-1"]
[WhiteElo "2494"]
[BlackElo "2259"]

1.Nf3 d5 2.g3 Bg4 3.Bg2 e6 4.O-O Nd7 5.d3 Bd6 6.Nbd2 Ne7 7.e4 O-O 8.Qe1 c5
9.h3 Bh5 10.Nh2 Qc7 11.f4 f6 12.Ndf3 Nc6 13.c3 b5 14.h4 Bf7 15.Kh1 a5 16.Be3 a4
17.a3 Na5 18.Nd2 Rfe8 19.Qf2 Nb3 20.Nxb3 axb3 21.exd5 exd5 22.d4 c4 23.g4 Re7
24.g5 Rae8 25.Ng4 Bh5 26.Bxd5+ Kh8 27.gxf6 gxf6 28.Rg1 Bxg4 29.Rxg4 Nb6 30.Qg2 Nxd5
31.Rg1 Qc8 32.Qxd5 Rxe3 33.R1g2 Qe6 34.Qxe6 R8xe6 35.Rf2 Re2 36.Kg2 Rxf2+
37.Kxf2 f5 38.Rg5 Bxf4 39.Rxf5 Bc1  0-1

[Event "White Nights"]
[Site "St Petersburg RUS"]
[Date "2007.07.03"]
[Round "9"]
[White "Zacurdajev,M"]
[Black "Markevich,I"]
[Result "1-0"]
[WhiteElo "2384"]
[BlackElo "2022"]

1.Nf3 d5 2.g3 c5 3.c4 e6 4.Bg2 Nc6 5.O-O Nf6 6.b3 Be7 7.Bb2 O-O 8.e3 b6 9.Nc3 Bb7
10.Rc1 Qd7 11.d4 Rad8 12.cxd5 Nxd5 13.Nxd5 exd5 14.Qc2 Ba6 15.Rfd1 c4 16.Ne5 Nxe5
17.dxe5 Qb5 18.Qc3 cxb3 19.Bf1 Rc8 20.Bxb5 Rxc3 21.Bxa6 Rxc1 22.Rxc1 bxa2
23.Ra1 f6 24.Rxa2 fxe5 25.Bxe5 Kf7 26.Bb7 Ke6 27.Bxg7 Rf7 28.Bd4 Bd8 29.Rxa7 Kd6
30.Ra8  1-0

[Event "Tespo Engineering"]
[Site "Brno CZE"]
[Date "2007.07.04"]
[Round "6"]
[White "Popchev,M"]
[Black "Zilka,S"]
[Result "1/2-1/2"]
[WhiteElo "2456"]
[BlackElo "2419"]

1.Nf3 d5 2.g3 c6 3.Bg2 Bg4 4.O-O e6 5.d3 Nd7 6.c4 Bd6 7.Nc3 Ne7 8.b3 O-O
9.Bb2 Rc8 10.a3 a6  1/2-1/2

[Event "Open A"]
[Site "Kowalewo Pomorskie POL "]
[Date "2007.07.04"]
[Round "1"]
[White "Klugiewicz,J"]
[Black "Robak,Z"]
[Result "0-1"]
[WhiteElo "2033"]
[BlackElo "2272"]

1.Nf3 d5 2.g3 Nf6 3.Bg2 c6 4.O-O Bg4 5.c4 e6 6.b3 Nbd7 7.d3 Bd6 8.Bb2 O-O
9.Nbd2 Qe7 10.h3 Bh5 11.Re1 Ba3 12.Qc1 Bxb2 13.Qxb2 a5 14.a3 b5 15.Nd4 bxc4
16.dxc4 Rfc8 17.e4 Nc5 18.Re3 dxe4 19.Nxe4 Nfxe4 20.Bxe4 Qf6 21.g4 Rd8 22.gxh5 Rxd4
23.Bxc6 Rg4+ 24.hxg4 Qxb2 25.Ree1 Rc8  0-1

[Event "Kaupthing Open"]
[Site "Differdange LUX"]
[Date "2007.07.07"]
[Round "1"]
[White "Boos,M"]
[Black "Velicka,P"]
[Result "0-1"]
[WhiteElo "2216"]
[BlackElo "2507"]

1.Nf3 d5 2.g3 Nf6 3.Bg2 Bg4 4.O-O e6 5.d3 Be7 6.Nbd2 O-O 7.Qe1 Nc6 8.h3 Bh5
9.c3 Nd7 10.e4 dxe4 11.dxe4 Nc5 12.Qe3 Qd3 13.Qf4 h6 14.h4 Rad8 15.Ne1 Qa6
16.a4 Be2 17.e5 b5 18.Ne4 Nb3 19.Nf6+ Bxf6 20.exf6 Nxc1 21.Rxc1 Bxf1 22.fxg7 Kxg7
23.Qg4+ Kh7 24.Bxf1 Qxa4 25.Qh5 Rd5 26.Bd3+ Kg7 27.Qe2 Rfd8 28.Kg2 Ne5 29.Bb1 Qg4
30.Qe3 Nc4 31.Qxa7 Rd1  0-1

[Event "Ikaros Festival"]
[Site "Agios Kirykos GRE"]
[Date "2007.07.08"]
[Round "2"]
[White "Brana Lopez,E"]
[Black "Zakarian,D"]
[Result "0-1"]
[WhiteElo "2076"]
[BlackElo "2344"]

1.Nf3 d5 2.g3 Nd7 3.d4 e6 4.Bg2 Bd6 5.O-O f5 6.c4 c6 7.b3 Ngf6 8.Ba3 Bxa3
9.Nxa3 O-O 10.Nc2 Qe7 11.Nce1 b6 12.Nd3 Ba6 13.Nfe5 Rac8 14.Qd2 Nxe5 15.dxe5 Ne4
16.Qb4 Qxb4 17.Nxb4 Bb7 18.cxd5 cxd5 19.Bxe4 fxe4 20.Rac1 d4 21.Nc2 e3 22.f3 Rfd8
23.Na3 Rxc1 24.Rxc1 d3 25.exd3 Rxd3 26.Re1 Bxf3 27.Nc4 e2 28.Kf2 g5 29.h3 h5
30.Ne3 g4 31.hxg4 hxg4 32.Ng2 Bxg2 33.Kxg2 Re3 34.Kf2 Rxe5 35.Rxe2 Rxe2+
36.Kxe2 Kf7 37.Ke3 e5 38.a3 b5 39.Kd3 a5 40.Ke3 Ke7 41.a4 bxa4 42.bxa4 Kd6
43.Kd2 Kd5 44.Ke3 e4 45.Ke2 Kd4 46.Kd2 e3+ 47.Ke1 Kd5 48.Kd1 Ke5 49.Ke1 Kd4
50.Kf1 Kd3 51.Ke1 e2  0-1

[Event "XXV Andorra Open"]
[Site "Andorra la Vella AND"]
[Date "2007.07.08"]
[Round "9"]
[White "Strikovic,A"]
[Black "Shumiakina,T"]
[Result "1-0"]
[WhiteElo "2563"]
[BlackElo "2375"]

1.Nf3 d5 2.g3 c6 3.Bg2 Bg4 4.O-O Nd7 5.d4 Ngf6 6.Nbd2 e6 7.Re1 Be7 8.e4 dxe4
9.Nxe4 Nxe4 10.Rxe4 Nf6 11.Re1 O-O 12.c3 Qb6 13.h3 Bxf3 14.Qxf3 Rfd8 15.h4 Rd7
16.Qe2 Rad8 17.b4 a5 18.a3 Ra8 19.Bd2 Qa6 20.Qd1 Qb6 21.Qc2 Rdd8 22.Bf3 Qc7
23.Kg2 h6 24.Rab1 axb4 25.axb4 b5 26.c4 Rac8 27.d5 exd5 28.c5 Ra8 29.Bf4 Qd7
30.Ra1 Nh7 31.Ra2 Bf6 32.Re3 Nf8 33.Bd6 Re8 34.Rea3 Rxa3 35.Rxa3 Be5 36.Bxe5 Rxe5
37.Ra8 Re8 38.Bg4 Ne6 39.Ra6 Nf4+ 40.Kf3 Ne6 41.Qd2 g6 42.Kg2 h5 43.Bh3 Qc7
44.Qb2 Qd7 45.Kh2 d4 46.Bg2 Rc8 47.Qd2 Kg7 48.Qd3 Rc7 49.Bf3 Qc8 50.Rb6 Qa8
51.Kg2 Qa4 52.Qd2 Qb3 53.Rxc6  1-0

[Event "Kaupthing Open"]
[Site "Differdange LUX"]
[Date "2007.07.08"]
[Round "3"]
[White "Schebler,G"]
[Black "Sorm,D"]
[Result "1/2-1/2"]
[WhiteElo "2496"]
[BlackElo "2250"]

1.Nf3 d5 2.g3 Bg4 3.Bg2 Nd7 4.d4 c6 5.O-O e6 6.Nbd2 Ngf6 7.Re1 Bd6 8.e4 dxe4
9.Nxe4 Nxe4 10.Rxe4 Nf6 11.Re1 h6 12.c3 O-O 13.Qb3 Rb8 14.Ne5 Bf5 15.Nc4 Bc7
16.a4 a5 17.Bd2 Re8 18.h3 Nd5 19.Ne5 f6 20.Ng4 h5 21.Ne3 Bg6 22.h4 Bf7 23.Rad1 g5
24.hxg5 Nxe3 25.Bxe3 fxg5 26.Qc2 Qf6 27.Qc1 Bd8 28.Bd2 Bg6 29.Re5 Rf8 30.Rf1 Bf5
31.Rfe1 g4 32.Bf4 Ra8 33.Qd2 Qg6 34.Be4 Bf6 35.Rxe6 Bxe4 36.R1xe4 Rae8 37.Rxe8 Rxe8
38.Rxe8+ Qxe8 39.Bc7 Bd8 40.Be5 Qg6 41.d5 Bg5 42.Bf4 Qb1+ 43.Kh2 Bxf4 44.Qxf4 cxd5
45.Qb8+ Kf7 46.Qxb7+ Ke6 47.Qb6+ Ke5 48.Qxa5 Qxb2 49.Qc5 Qa2 50.a5 Ke4 51.Qd4+ Kf5
52.Qb6 d4 53.Qc7 Kg6 54.Qd6+ Kh7 55.Qe7+ Kg6 56.Qe4+ Kh6 57.Qc6+ Kg5 58.Qc5+ Kg6
59.Qb6+ Kf5 60.Qc5+  1/2-1/2

[Event "Canadian Open"]
[Site "Ottawa CAN"]
[Date "2007.07.08"]
[Round "3"]
[White "Yermolinsky,A"]
[Black "Kagramanov,D"]
[Result "1-0"]
[WhiteElo "2517"]
[BlackElo "2108"]

1.Nf3 d5 2.g3 Nf6 3.Bg2 c6 4.O-O Bg4 5.c4 e6 6.cxd5 exd5 7.d3 Bc5 8.a3 O-O
9.Qc2 Qe7 10.Nc3 Re8 11.b4 Bb6 12.e3 Nbd7 13.Na4 Bc7 14.Bb2 Ne5 15.Nxe5 Bxe5
16.Rfe1 a5 17.Bxe5 Qxe5 18.Nc5 axb4 19.d4 Qh5 20.axb4 Rxa1 21.Rxa1 Bh3 22.Nxb7 h6
23.Nc5 Bf5 24.Qd2 Bh3 25.f3 Bxg2 26.Kxg2 Qg5 27.Re1 h5 28.h4 Qf5 29.Nd3 g5
30.hxg5 Qxg5 31.Ne5 h4 32.g4 Nh5 33.Qc2 Kg7 34.f4 h3+ 35.Kxh3 Nxf4+ 36.exf4 Qxf4
37.Kg2 Qxd4 38.Qf5 Qd2+ 39.Qf2 Qxf2+ 40.Kxf2 Re6 41.Nf3 Rd6 42.Nd4 Rf6+ 43.Kg3 Kg6
44.Rc1 Kg5 45.Rxc6 Rxc6 46.Nxc6  1-0

[Event "Campeonato Continental Absolut"]
[Site "Cali COL"]
[Date "2007.07.10"]
[Round "1"]
[White "Iturrizaga,E"]
[Black "Franco,Ang"]
[Result "1-0"]
[WhiteElo "2398"]
[BlackElo "2124"]

1.Nf3 d5 2.g3 g6 3.c4 d4 4.Bg2 Bg7 5.d3 e5 6.O-O Ne7 7.Na3 O-O 8.b4 c6 9.Bd2 h6
10.c5 Be6 11.Qc1 Kh7 12.Nc4 Qc7 13.Re1 Rd8 14.a4 Nd7 15.h4 Nf8 16.Rb1 Bd5
17.b5 Bxc4 18.Qxc4 Ne6 19.Bh3 cxb5 20.Rxb5 a6 21.Rb2 Nf5 22.h5 Qe7 23.hxg6+ fxg6
24.g4 Nh4 25.Nxh4 Qxh4 26.Qxe6 Re8 27.Qd5 Qxh3 28.Qe4 h5 29.gxh5 Qxh5 30.Kg2 Qf5
31.Rh1+ Kg8 32.Qxf5 gxf5 33.Rxb7 Rab8 34.c6 Rxb7 35.cxb7 Bf8 36.Rb1 Rb8 37.Ba5 Bd6
38.Rb6 Bf8 39.e3 Kf7 40.exd4 exd4 41.Bb4 Bxb4 42.Rxb4 Ke6 43.Kg3 Ke5 44.Rb6 Rg8+
45.Kf3 Rb8 46.a5  1-0

[Event "ch-NOR"]
[Site "Hamar NOR"]
[Date "2007.07.11"]
[Round "6"]
[White "Gausel,E"]
[Black "Hammer,J"]
[Result "1/2-1/2"]
[WhiteElo "2529"]
[BlackElo "2412"]

1.Nf3 d5 2.g3 Nf6 3.Bg2 e6 4.O-O Be7 5.c4 O-O 6.Qc2 dxc4 7.Qxc4 c5 8.d4 Nc6
9.dxc5 Qd5 10.Qxd5 Nxd5 11.Nbd2 Bxc5 12.Ne4 Be7 13.Bg5 f6 14.Bd2 b6 15.Rac1 Bb7
16.Rfd1 Rfd8 17.a3 Rac8 18.Nc3 Nxc3 19.Bxc3 Rxd1+ 20.Rxd1 Rd8 21.Rc1 Kf7
22.e3 Rc8 23.Rd1 Rd8 24.Rc1 Rc8 25.Rd1 Rd8 26.Rc1 Rc8  1/2-1/2

[Event "Inautomarket Open"]
[Site "Minsk BLR"]
[Date "2007.07.11"]
[Round "2"]
[White "Tihonov,J"]
[Black "Novitzkij,D"]
[Result "1/2-1/2"]
[WhiteElo "2542"]
[BlackElo "2365"]

1.Nf3 d5 2.g3 g6 3.c4 c6 4.Bg2 Bg7 5.O-O e5 6.d3 Ne7 7.Nbd2 O-O 8.Rb1 h6
9.b4 b5 10.Bb2 Nd7 11.cxb5 cxb5 12.Nb3 Nc6 13.Nfd2 Nb6 14.Na5 Nxa5 15.bxa5 Na4
16.Ba1 a6 17.Rc1 Be6 18.Nb3 Qd6 19.f4 f6 20.Qd2 Rac8 21.Rxc8 Rxc8 22.Rc1 Rc6
23.Rxc6 Qxc6 24.Qc2 Qd6 25.Kf2 b4 26.d4 e4 27.Qc1 Bf8 28.Bf1 Be7 29.e3 Kf7
30.Be2 h5 31.Qc2 Bd7 32.Nc5 Nxc5 33.dxc5 Qc7 34.Bd4 Qxa5 35.Qb3 Bc6 36.f5 h4
37.fxg6+ Kxg6 38.gxh4 Qc7 39.h5+ Kh6 40.Qxb4 Qxh2+ 41.Ke1 Bd8 42.a4 f5 43.Bc3 f4
44.exf4 Qg1+ 45.Kd2 Bh4 46.Kc2 Qf2 47.Kd1 Qg1+ 48.Kc2 Qf2 49.Kd1 Qg1+ 50.Kc2  1/2-1/2

[Event "Open A"]
[Site "Oberwart AUT"]
[Date "2007.07.11"]
[Round "5"]
[White "Vrana,F"]
[Black "Jakubiec,A"]
[Result "0-1"]
[WhiteElo "2304"]
[BlackElo "2541"]

1.Nf3 d5 2.g3 Nc6 3.d4 Bf5 4.Bg2 Nf6 5.O-O Qd7 6.c4 dxc4 7.Qa4 e5 8.dxe5 Nxe5
9.Qxd7+ Nexd7 10.Nfd2 O-O-O 11.Nxc4 Be6 12.Nba3 Bc5 13.Bf4 Nd5 14.Bd2 N7b6
15.Rac1 c6 16.Nxb6+ axb6 17.Nc4 b5 18.Ne5 Bd4 19.Nd3 Rhe8 20.Ba5 Nc7 21.b3 Bf5
22.Nc5 Re5 23.e4 Bxc5 24.exf5 b4 25.Kh1 b6 26.Rc2 bxa5 27.f4 Red5 28.Bxd5 Rxd5
29.Re1 Kd7 30.g4 Bd6 31.Re4 Rd1+ 32.Kg2 Nd5 33.Rf2 Nf6  0-1

[Event "Open A"]
[Site "Oberwart AUT"]
[Date "2007.07.11"]
[Round "5"]
[White "Bawart,M"]
[Black "Ghaem Maghami,E"]
[Result "1/2-1/2"]
[WhiteElo "2365"]
[BlackElo "2610"]

1.g3 d5 2.Nf3 Nf6 3.Bg2 c5 4.c4 d4 5.d3 Nc6 6.O-O g6 7.a3 a5 8.Qa4 Bd7 9.Bg5 Bg7
10.e4 h6 11.Bc1 e5 12.Qd1 a4 13.Nbd2 O-O 14.Rb1 Ne8 15.b3 Nd6 16.bxa4 Ne7
17.Rb5 Nxb5 18.axb5 Qc8 19.Re1 Bh3 20.Bh1 g5 21.Bg2 Ng6 22.Bxh3 Qxh3 23.Kh1 Qe6
24.Ng1 Ra7 25.h3 b6 26.Kg2 Ne7 27.Qh5 f5 28.exf5 Nxf5 29.Ne4 Raf7 30.Re2 Nd6
31.Nxd6 Qxd6 32.f3  1/2-1/2